| 000 | 01171nam a2200289Ia 4500 | ||
|---|---|---|---|
| 003 | OSt | ||
| 005 | 20200901123834.0 | ||
| 008 | 191128s1994 que gr 000 0 spa d | ||
| 040 |
_aCO-JMCR _cCO-JMCR |
||
| 041 | 1 |
_aspa _heng |
|
| 082 | 0 | 4 |
_a371.782 / _bS631a _223 |
| 100 | 1 |
_aSlaby, Ronald G., _eautor _99567 |
|
| 245 | 1 | 0 |
_aAggressors, victims, and bystanders : _bthinking and acting to prevent violence / _cRonald G. Slaby, Renée Wilson-Brewer, Kimberly Dash |
| 260 |
_aMassachusetts : _bEducation Development Center, _c1994. |
||
| 300 |
_aiv, 185 páginas ; _c28 cm. |
||
| 300 | _c 28 cm | ||
| 490 | 0 | _aTeenage health teaching modules | |
| 505 | 0 | _aLooking at conflict in our lives -- When conflicts become fights -- Examininig belief about conflict and violence -- the fight i your head -- Keeping cool -- Sizing up the situation again -- Thinking it through | |
| 650 | 1 | 4 |
_aVíctimas _99568 |
| 650 | 2 | 4 |
_aViolencia _99569 |
| 650 | 2 | 4 |
_aVictimarios _99570 |
| 650 | 2 | 4 |
_aEspectadores _99571 |
| 650 | 2 | 4 |
_aPrevención de la violencia _99572 |
| 700 | 1 |
_aWilson-Brewer, Renée, _eautor _99573 |
|
| 700 | 1 |
_aDash, Kimberly, _eautor _99574 |
|
| 942 |
_2ddc _cBK |
||
| 999 |
_c4993 _d4993 |
||